|
|
|
|
| LEADER |
00962pam a22002778a 4500 |
| 001 |
00026936 |
| 005 |
20171026081022.0 |
| 008 |
110914s1997 ||||||viesd |
| 041 |
0 |
# |
|a vie
|
| 082 |
1 |
4 |
|a 930.071
|b B103GI
|
| 100 |
1 |
# |
|a Nguyễn Thị Huệ
|
| 245 |
0 |
0 |
|a Bài giảng lịch sử thế giới cổ trung đại
|c Nguyễn Thị Huệ,Nguyễn Thị Ty
|
| 260 |
# |
# |
|a Huế
|b Đại học Huế
|c 1997
|
| 300 |
# |
# |
|a 121tr.
|c 25cm.
|
| 500 |
# |
# |
|a ĐTTS ghi: Đại học Huế. Trường Đại học sư phạm
|
| 653 |
# |
# |
|a bài giảng
|
| 653 |
# |
# |
|a lịch sử cổ trung đại
|
| 653 |
# |
# |
|a lịch sử thế giới
|
| 700 |
1 |
# |
|a Nguyễn Thị Ty
|
| 852 |
# |
# |
|b Kho mượn
|j KGT.0032394
|
| 852 |
# |
# |
|j KGT.0032394
|
| 852 |
# |
# |
|j KGT.0032394
|b Kho giáo trình
|
| 910 |
|
|
|d 14/09/2011
|
| 980 |
# |
# |
|a Trung tâm Học liệu Lê Vũ Hùng, Trường Đại học Đồng Tháp
|